| 000 | 01117njm a22002657a 4500 | ||
|---|---|---|---|
| 005 | 20100906105734.0 | ||
| 007 | sd ammalaaahaa | ||
| 008 | 100901t xxu||||| |||| 00| 0 hin d | ||
| 028 |
_aN.53490 _bHis Master's Voice |
||
| 028 |
_aOJE.16019 _bHis Master's Voice |
||
| 035 | _aGR-729 | ||
| 040 | _aSED/VEN | ||
| 100 |
_917815 _aMangeshker, Lata |
||
| 245 |
_aEk phool chaar kaante / _cby Lata Mangeshker [and] Mukesh : by music Shaker Jaikishan _h[sound recording] : _bHindustani |
||
| 246 | _aएक फूल चार कांटे (लता मंगेशकर एंड मुकेश) | ||
| 260 |
_aDum Dum, India _bHis Master's Voice |
||
| 300 |
_a1 sound disc : _banalog, 33 1/3 rpm _c10 in. |
||
| 500 | G | _aBrief record | |
| 505 | _aSambhal ke karna part 1 (संभल के करना) पार्ट १, Banwari re part 2 (१ बनवारी रे) पार्ट २ | ||
| 650 |
_aClassical music _xExcerpts _zIndia _917813 |
||
| 700 |
_918219 _aMukesh |
||
| 700 | _918220 | ||
| 942 |
_2ddc _cGR |
||
| 999 |
_c43892 _d43892 |
||